| 000 | 00593nam a2200169Ia 4500 | ||
|---|---|---|---|
| 003 | GCL | ||
| 008 | 140319s9999 xx 000 0 ara d | ||
| 040 |
_aGCL / _cGCL |
||
| 082 | 0 | 4 |
_a448 _bم ع |
| 100 | 1 | _aمجلة الاذاعة والتليفزيون | |
| 245 | 1 | 0 |
_aعلم نفسك الفرنسية: سلسلة دروس اسبوعية / _cمجلة الاذاعة والتليفزيون |
| 300 | _a30 ص | ||
| 490 |
_aالهيئة العامة للاستعلامات _v0 |
||
| 650 | 0 | 4 | _aاللغة الفرنسية |
| 650 | 0 | 4 | _aاللغة الفرنسية - تعليم |
| 942 |
_2ddc _cBK |
||
| 999 |
_c51094 _d51094 |
||